Przebieg Linii tramwajowej nr 11 Ulicami we Wrocławiu - Statystyki

Ogólne statystyki
  • Ten quiz został rozwiązany 9 razy
  • Średni wynik to 9 z 19
Statystyki odpowiedzi
Odpowiedź % Poprawnych
Kromera
100%
Grabiszyńska
88%
Jedności Narodowej
63%
Mosty Warszawskie
63%
Bema
50%
Krupnicza
50%
pl. Dominikański
50%
pl. Legionów
50%
Sądowa
50%
Kazimierza Wielkiego
38%
most Piaskowy
38%
Oporów
38%
Piaskowa
38%
pl. Bema
38%
Poniatowskiego
38%
św. Jadwigi
38%
Św. Katarzyny
38%
bi. Czesława
25%
mosty młyńskie
25%
Nie znaleziono quizów pasujących do podanych kryteriów
Rozkład punktacji
Procent ludzi z każdym wynikiem
Percentyl według liczby udzielonych odpowiedzi
Twoja historia wyników
Nie rozwiązałeś tego quizu